000 00370nam a22001337a 4500
005 20250909150929.0
008 250909b |||||||| |||| 00| 0 eng d
020 _a1879718103
100 _aHILES LYNN H.
245 _aGOD'S BEAUTY AND THE BEAST;
_bEXPOSING THE BEAST AND REVEALING THE CHRIST
260 _bERETNAL WORD PUBLISHING
300 _a111P
942 _2lcc
_cBK
_n0
999 _c7493
_d7493